000 003810000a22001210004500
090 _aAR
_b03265
245 1 0 _aContribución de las cercas vivas a la estructura y conectividad de un paisaje fragmentado, Río Frío, Costa Rica
_p1-13
_f2000?
041 0 _aEspañol
700 1 _aHarvey, Celia A.
_922489
100 1 _aChacón L., Mario
_996852
942 _cARTICULO
773 1 _tPreprint
999 _c12317
_d12317